00392 a2200157 4500001000700000020001500007020003300022041000800055100002100063250001200084300001200096856002500108040002500133245004100158260003500199105455 a0590972197 a9780758725974 (Follett bdg.) apor aAylesworth, Jim. a1st ed. a[32] p. u000009/000009bf.jpeg aBR-BrIDEAcBR-BrIDEA10aThe gingerbread manc Jim Aylesworth a[S.l.]bScholastic Pressc1998